000 00533nmm a2200169Ia 4500
008 251105s9999||||xx |||||||||||||||||und||
020 _a9789972516214
041 _aspa
100 _aVega-Centeno Sara-Lafosse, Rafael
245 0 _aRepensar el antiguo Perú: aportes desde la arqueología
264 _a[Lima, Peru] :
_bPontificia Universidad Católica de Perú,
_c2017
300 _a585 páginas
490 _aHistoria Andina
650 _aArcheology
856 _uhttps://public.digitaliapublishing.com/a/51263
942 _cCF
999 _c97935
_d97935